Statistics for 2016 Billboard Hot 100 Chart-Toppers

Click here to take the quiz!

General Stats

  • This quiz has been taken 21 times
  • The average score is 31 of 53

Answer Stats

WeekAnswer% Correct
Feb 27Love Yourself
89%
Feb 13Love Yourself
89%
Jan 23Sorry
72%
Jan 30Sorry
72%
Feb 6Sorry
72%
Apr 9Work
72%
Apr 16Work
72%
Apr 30Work
72%
Mar 5Work
72%
Mar 12Work
72%
Mar 19Work
72%
Mar 26Work
72%
Apr 2Work
72%
Apr 23Work
72%
Jan 9Hello
61%
Jan 2Hello
61%
Jan 16Hello
61%
Sep 3Closer
56%
Nov 19Closer
56%
Nov 12Closer
56%
Nov 5Closer
56%
Oct 29Closer
56%
Oct 22Closer
56%
Oct 15Closer
56%
Oct 8Closer
56%
Oct 1Closer
56%
Sep 24Closer
56%
Sep 17Closer
56%
Sep 10Closer
56%
Jul 2One Dance
56%
Jul 30One Dance
56%
Jul 9One Dance
56%
May 21One Dance
56%
Jun 11One Dance
56%
Jun 18One Dance
56%
Jun 25One Dance
56%
Jun 4One Dance
56%
Jul 16One Dance
56%
Jul 23One Dance
56%
Nov 26Black Beatles
50%
Dec 3Black Beatles
50%
Dec 10Black Beatles
50%
Dec 17Black Beatles
50%
Dec 24Black Beatles
50%
Dec 31Black Beatles
50%
Aug 27Cheap Thrills
44%
Aug 20Cheap Thrills
44%
Aug 6Cheap Thrills
44%
Aug 13Cheap Thrills
44%
May 14Panda
44%
May 7Panda
44%
Feb 20Pillowtalk
44%
May 28Can't Stop The Feeling
39%

Score Distribution

Percentile by Number Answered

Percent of People with Each Score

Your Score History

You have not taken this quiz